ARRUPE JESUIT UNIVERSITY

CORONAVIRUS -STOP THE SPREAD - CLEAN,DISINFECT,COVER

Genesis and development of a scientific fact / (Record no. 122091)

MARC details
000 -LEADER
fixed length control field 01259cam a2200325 i 4500
001 - CONTROL NUMBER
control field 2280700
003 - CONTROL NUMBER IDENTIFIER
control field ARRUPE
005 - DATE AND TIME OF LATEST TRANSACTION
control field 20150218121625.0
008 - FIXED-LENGTH DATA ELEMENTS--GENERAL INFORMATION
fixed length control field 790409s1979 ilua b 001 0 eng
010 ## - LIBRARY OF CONGRESS CONTROL NUMBER
LC control number 79012521
020 ## - INTERNATIONAL STANDARD BOOK NUMBER
International Standard Book Number 0226253244
040 ## - CATALOGING SOURCE
Original cataloging agency DLC
Transcribing agency DLC
Modifying agency DLC
041 1# - LANGUAGE CODE
Language code of text/sound track or separate title engger
050 00 - LIBRARY OF CONGRESS CALL NUMBER
Classification number Q175.5
Item number .F5913
082 00 - DEWEY DECIMAL CLASSIFICATION NUMBER
Classification number 507/.2
300 ## - PHYSICAL DESCRIPTION
Other physical details ill. ;
Dimensions 23 cm.
100 1# - MAIN ENTRY--PERSONAL NAME
Personal name Fleck, Ludwik,
Dates associated with a name 1896-1961.
9 (RLIN) 15266
240 10 - UNIFORM TITLE
Uniform title <a href="Entstehung und Entwicklung einer wissenschaftlichen Tatsache.">Entstehung und Entwicklung einer wissenschaftlichen Tatsache.</a>
Language of a work English
245 10 - TITLE STATEMENT
Title Genesis and development of a scientific fact /
Statement of responsibility, etc Ludwik Fleck ; edited by Thaddeus J. Trenn and Robert K. Merton ; translated by Fred Bradley and Thaddeus J. Trenn ; foreword by Thomas S. Kuhn.
260 ## - PUBLICATION, DISTRIBUTION, ETC. (IMPRINT)
Place of publication, distribution, etc Chicago :
Name of publisher, distributor, etc University of Chicago Press,
Date of publication, distribution, etc 1979.
300 ## - PHYSICAL DESCRIPTION
Extent xxviii, 203 p. :
500 ## - GENERAL NOTE
General note Translation of Entstehung und Entwicklung einer wissenschaftlichen Tatsache.
500 ## - GENERAL NOTE
General note Includes index.
504 ## - BIBLIOGRAPHY, ETC. NOTE
Bibliography, etc Bibliography: p. [185]-191.
650 #0 - SUBJECT ADDED ENTRY--TOPICAL TERM
Topical term or geographic name as entry element Science
General subdivision Social aspects.
9 (RLIN) 9989
650 #0 - SUBJECT ADDED ENTRY--TOPICAL TERM
Topical term or geographic name as entry element Science
General subdivision Philosophy.
9 (RLIN) 15267
650 #0 - SUBJECT ADDED ENTRY--TOPICAL TERM
Topical term or geographic name as entry element Syphilis
General subdivision Diagnosis
-- Wassermann reaction.
9 (RLIN) 15268
650 #0 - SUBJECT ADDED ENTRY--TOPICAL TERM
Topical term or geographic name as entry element Knowledge, Sociology of.
9 (RLIN) 9945
906 ## - LOCAL DATA ELEMENT F, LDF (RLIN)
a 7
b cbc
c orignew
d 1
e ocip
f 19
g y-gencatlg
942 ## - ADDED ENTRY ELEMENTS (KOHA)
Source of classification or shelving scheme Library of Congress Classification
Koha item type Monograph ( Printed materials)
Holdings
Withdrawn status Lost status Source of classification or shelving scheme Damaged status Not for loan Collection code Home library Current library Shelving location Date acquired Total Checkouts Full call number Barcode Date last seen Price effective from Koha item type
    Library of Congress Classification     Main Collection ARRUPE LIBRARY ARRUPE LIBRARY Main Collection 18/02/2015   Q175.5 .F5913 46500002910 03/07/2019 18/02/2015 Monograph ( Printed materials)

 

Arrupe Library. PO Box MP320 Mt Pleasant, Harare, Zimbabwe
263 242 745411|librarian@aju.ac.zw